000 00374nam a22001457a 4500
005 20180208103832.0
008 180208b xxu||||| |||| 00| 0 eng d
040 _cPK-LaUMT
082 _aPKAC 297.8
_bABD-Z
100 _aAbdul Haq
245 _aZikari masala/
_cAbdul Haq
260 _aلاہور:
_bمطبعہ دارالعروبہ،
_c1992
300 _a112
942 _cBK
999 _c102830
_d102830